Culture Générale - Série 1461 - Statistiques

Statistiques générales
  • Ce quiz a été pris 104 fois
  • Le résultat moyen est 6 sur 10
Statistiques - réponses
Question Réponse % Correct
Comment appelle-t-on les doigts du pied ? orteils
92%
Comment appelle-t-on la jupe faite de plusieurs rangées superposées de tulle, portée par les danseuses de ballet ? tutu
91%
Quelle invention du Français Barthélemy Thimonnier a facilité le travail de nombreuses couturières ? machine à coudre
88%
Dans l'un de ses sketchs, quelle humoriste française compare la grossesse, à une gueule de bois qui dure 9 mois ? Florence Foresti
74%
Quel petit os, dont le nom rime avec "malice", se trouve à l'extrémité inférieure de la colonne vertébrale ? coccyx
57%
Quel nom d'embarcation désigne également le présentoir d'un magasin en libre-service ? gondole
54%
Par les supporters de quel club de football anglais, Éric Cantona a-t-il été élu "joueur du siècle", en 2001 ? Manchester United
53%
Dans quel pays actuel se trouve l'ancienne province appelée Étrurie, berceau de la civilisation étrusque ? Italie
48%
En 1970, quelle actrice, prénommée Marie-José,incarne Élise dans le film de Michel Drach “Élise ou la vraie vie” ? Marie-José Nat
46%
Quel romancier britannique a créé le personnage d'Ivanhoé en 1819 ? Walter Scott
22%
Aucun quiz correspondant
Distribution des résultats
% des personnes avec chaque résultat
Percentile par nombre de réponses
Votre historique - résultats
Vous n’avez pas pris ce quiz